🇧🇪🍺 Belgian Beer - Sudden Death - Statistics

General Stats
  • This quiz has been taken 2,510 times
  • The average score is 8 of 18
Answers on the Grid
Answers color-coded by a green-red scale on the quiz's grid according to % correct below.
Achel
Amstel
Beck's
Carling
Carlsberg
Chimay
Duvel
Erdinger
Gouden Carolus
Grimbergen
Grolsch
Gulden Draak
Heineken
Hoegaarden
Jupiler
Kronenbourg
La Trappe
Leffe
Liefmans
Lindemans
Mort Subite
Rochefort
Stella Artois
Tre Fontaine
Tripel Karmaliet
Tynt Meadow
Val Dieu
Westmalle
Westvleteren
Zundert
 
Answer Stats
Answer % Correct
Duvel
75%
Jupiler
61%
Leffe
61%
Chimay
60%
Hoegaarden
55%
Grimbergen
52%
Stella Artois
46%
Tripel Karmaliet
43%
Westmalle
42%
Gouden Carolus
37%
Gulden Draak
37%
Westvleteren
36%
Liefmans
35%
Rochefort
33%
Lindemans
30%
Achel
28%
Mort Subite
22%
Val Dieu
21%
No matching quizzes found
Score Distribution
Percent of People with Each Score
Percentile by Number Answered
Your Score History
You have not taken this quiz